Tytuły odcinków Stranger Things - Statystyki

Ogólne statystyki
  • Ten quiz został rozwiązany 32 razy
  • Średni wynik to 15 z 42
Statystyki odpowiedzi
Sezon 1 Rozdział % Poprawnych
1 Zniknięcie Willa Byersa
78%
1 MAD MAX
57%
8 Bitwa o Starcourt
52%
9 Przejście
52%
2 Zniknięcie Holly Wheeler
52%
7 Zaginiona siostra
48%
4 Ciało
43%
4 Czarownik
43%
8 Łupieżca Umysłów
43%
1 Zwiad
43%
4 Drogi Billy
39%
2 Dziwadło na Maple Street
39%
1 Klub ognia piekielnego
39%
6 Potwór
39%
8 Ta strona
39%
7 Wanna
39%
2 Cukierek albo psikus, dziwaku
35%
3 Wśród nocnej ciszy
35%
9 Na gapę
35%
5 Pchła i akrobata
35%
3 Pułapka u Turnbowów
35%
1 Suzie, słyszysz mnie?
35%
2 Szczury z supermarketu
35%
6 Szpieg
35%
2 Klątwa Vecny
30%
4 Próba sauny
30%
4 Will Roztropny
30%
5 Złupieni
30%
5 Dig Dug
26%
5 Elektrowstrząs
26%
3 Kijanka
26%
7 Masakra w laboratorium
26%
5 Projekt Nina
26%
3 Sprawa zaginionej ratowniczki
26%
7 Most
22%
8 Po drugiej stronie
22%
6 Ucieczka z Camazotz
22%
6 E pluribus unum
17%
3 Potwór i superbohaterka
17%
8 Tata
17%
7 Ukąszenie
17%
6 W głąb
13%
Nie znaleziono quizów pasujących do podanych kryteriów
Rozkład punktacji
Procent ludzi z każdym wynikiem
Percentyl według liczby udzielonych odpowiedzi
Twoja historia wyników
Nie rozwiązałeś tego quizu